000 00288nam a22001217a 4500
008 180426b xxu||||| |||| 00| 0 eng d
041 _aeng
080 _a043.3
100 _a0
101 _aARK-BA
245 _aQender Rehabilituese per Tuberkuloz te Eshtrave
_cLika, N
942 _2udc
_cBK
999 _c45581
_d45581